Handbook on animal diseases in the tropics

Sparad:
Bibliografiska uppgifter
Materialtyp: Bok
Språk:Undetermined
Publicerad: London British Veterinary Association 1976
Ämnen:
Taggar: Lägg till en tagg
Inga taggar, Lägg till första taggen!
Thư viện lưu trữ: Trung tâm Học liệu Trường Đại học Cần Thơ
LEADER 00559nam a2200169Ia 4500
001 CTU_126023
008 210402s9999 xx 000 0 und d
082 |a 636.08969 
082 |b H236 
245 0 |a Handbook on animal diseases in the tropics 
260 |a London 
260 |b British Veterinary Association 
260 |c 1976 
650 |a Animals,Veterinary tropical medicine,Animal Diseases 
650 |x Diseases,Tropics,Handbooks, manuals, etc.,Handbooks, manuals, etc. 
904 |i Hiếu 
980 |a Trung tâm Học liệu Trường Đại học Cần Thơ